Economics of agriculture industry in pakistan / (Record no. 10484)

MARC details
000 -LEADER
fixed length control field 00616nam a2200181 a 4500
020 ## - INTERNATIONAL STANDARD BOOK NUMBER
ISBN 9693208412 (hardcover)
020 ## - INTERNATIONAL STANDARD BOOK NUMBER
ISBN 9789693208412 (hardcover)
100 1# - MAIN ENTRY--AUTHOR NAME
Personal name Qadri, Hussain Mohi-Ud-Din.
245 10 - TITLE STATEMENT
Title Economics of agriculture industry in pakistan /
260 ## - PUBLICATION, DISTRIBUTION, ETC. (IMPRINT)
Place of publication [S.l.] :
Name of publisher Tehreek-e-Minhaj-ul-Quran,
Year of publication 2009.
300 ## - PHYSICAL DESCRIPTION
Number of Pages 588 p. ;
490 1# - SERIES STATEMENT
Series statement Vol. i.
856 40 - ELECTRONIC LOCATION AND ACCESS
Uniform Resource Identifier http://www.amazon.com/exec/obidos/ASIN/9693208412/chopaconline-20
Holdings
Withdrawn status Lost status Home library Current library Date acquired Full call number Accession Number Koha item type
    Central Library, QUEST, Nawabshah Central Library, QUEST, Nawabshah 29/09/2014 QAD D1099 Books